[Event "Belgrade-chTB Quality"]
[Site "Belgrade"]
[Date "2018.10.28"]
[Round "10.7"]
[White "Canak, Milos"]
[Black "Milajic, Vojislav"]
[Result "1-0"]
[WhiteElo "1864"]
[BlackElo "2121"]
[PlyCount "77"]
[EventDate "2018.09.29"]
[EventType "team-tourn"]
[EventRounds "11"]
[EventCountry "SRB"]
[SourceTitle "CBM 187 Extra"]
[Source "ChessBase"]
[SourceDate "2018.11.04"]
[SourceVersion "1"]
[SourceVersionDate "2018.11.04"]
[SourceQuality "1"]
[WhiteTeam "Belgrade BASK"]
[BlackTeam "Belgrade NB"]
[WhiteTeamCountry "SRB"]
[BlackTeamCountry "SRB"]

1. d4 Nf6 2. Nf3 e6 3. Bf4 Nh5 4. Bg3 Nxg3 5. hxg3 b6 6. e3 Bb7 7. Nbd2 Be7 8. Bd3 h6 9. Qe2 c5 10. c3 d6 11. Bb5+ Nc6 12. Ba6 Bxa6 13. Qxa6 cxd4 14. exd4 d5 15. 0-0 0-0 16. Rfe1 Qc8 17. Qd3 Bf6 18. Nf1 Qc7 19. Ne3 g6 20. Ng4 Bg7 21. Nge5 Rfc8 22. Re2 Nxe5 23. Nxe5 Bxe5 24. Rxe5 Rab8 25. f4 b5 26. a3 a5 27. g4 b4 28. axb4 axb4 29. Rc1 bxc3 30. Rxc3 Qd7 31. f5 exf5 32. gxf5 Rxb2 33. Rxc8+ Qxc8 34. fxg6 Qc1+ 35. Kh2 Qf4+ 36. Kh3 f6 37. Rxd5 Rd2 38. Rd8+ Kg7 39. Rd7+ 1-0

[Event "Belgrade-chT"]
[Site "Belgrade"]
[Date "2014.10.26"]
[Round "8"]
[White "Milajic, Vojislav"]
[Black "Sergijevic, Zoran"]
[Result "1-0"]
[WhiteElo "2179"]
[BlackElo "2101"]
[PlyCount "75"]
[EventDate "2014.10.04"]
[EventType "team-tourn"]
[EventRounds "13"]
[EventCountry "SRB"]
[SourceTitle "EXT 2015"]
[Source "ChessBase"]
[SourceDate "2014.11.20"]
[SourceVersion "1"]
[SourceVersionDate "2014.11.20"]
[SourceQuality "1"]

1. d4 d5 2. c4 e5 3. dxe5 d4 4. a3 a5 5. Nf3 Nc6 6. g3 Bg4 7. Bg2 Rb8 8. Bf4 Be7 9. h3 Bh5 10. g4 Bg6 11. Nbd2 f6 12. Qa4 Qd7 13. e6 Qd8 14. Nh4 Kf8 15. Nf5 Be8 16. Qc2 Ne5 17. 0-0 c5 18. Ne4 Bc6 19. Rfd1 g6 20. Nxe7 Qxe7 21. Ng5 Bxg2 22. Kxg2 Nh6 23. Qe4 Qd6 24. b4 b6 25. e3 Rd8 26. bxc5 bxc5 27. Rab1 Ng8 28. Bxe5 Qxe5 29. Qxe5 fxe5 30. Nf7 Re8 31. Nxh8 Rxe6 32. Rb5 Ne7 33. Rxc5 Nc6 34. Rb1 d3 35. f3 Kg7 36. Kf2 Kxh8 37. Ke1 Kg7 38. Rb6 1-0